00965nam a22002177a 4500007000300000008004100003020001500044050002100059100003000080245005900110250001100169260004000180300002500220337001000245338001400255490003400269504003800303505031400341650003500655650005700690ta151027s1988 mx | |||| 000 0 spa d a9684268297 4aHM711bR562 1988 aDíaz Real, Mayraeautor10aIntegración de equiposc/ Mauro Rodríguez Estrada. a2a ed.3 aMéxicob: Manual modernoc, 1988. axi, 78 p. c; 23 cm. aTexto aSin medio0 aCapacitación integralv; 3. aIncluye bibliografía (pp.75-76)1 aLos grupos en la vida del hombre Tipos de grupos: el grupo y el equipo El estudio científico de los grupos La dinámica grupal Estructuras y procesos de los grupos El individuo en el grupo El grupo como lugar óptimo de crecimiento personal Los equipos de trabajo Aspectos críticos en el proceso grupal.14aGRUPOS SOCIALESxCOOPERACIÓN24aSOCIOLOGÍA DE LA ORGANIZACIÓNxTRABAJO EN EQUIPO